| 000 | 00629nam a2200145Ia 4500 | ||
|---|---|---|---|
| 008 | 170221s9999 xx 000 0 und d | ||
| 100 | _aAleksandr A. Novikov | ||
| 245 | 4 | _aThe Leveling of Environmental Polarization as a Part of Strategy of Perspective Innovation Policy of Economic Systems | |
| 245 | _cAleksandr A. Novikov, Elena V. Novikova, Elena V. Moiseyeva, Larisa E. Fatikhova, Olga V. Ruzakova, Lenar R. Khairullin | ||
| 260 | _bInternational Review of Management and Marketing | ||
| 260 | _cJune 2012 | ||
| 300 | _a4:1 | ||
| 650 | _xMarketing. | ||
| 856 | _uhttp://www.econjournals.com/index.php/irmm/issue/view/72 | ||
| 999 |
_c310453 _d310453 |
||